Eastern Utah Libraries Catalog: Duchesne, Heber, Roosevelt, & Vernal

The garden of small beginnings / (Record no. 302198)

MARC details
000 -LEADER
fixed length control field 05421cam a2200769 i 4500
001 - CONTROL NUMBER
control field ocn960031059
003 - CONTROL NUMBER IDENTIFIER
control field OCoLC
005 - DATE AND TIME OF LATEST TRANSACTION
control field 20200320204552.0
008 - FIXED-LENGTH DATA ELEMENTS--GENERAL INFORMATION
fixed length control field 161228s2017 nyu 000 1 eng
010 ## - LIBRARY OF CONGRESS CONTROL NUMBER
LC control number 2016043948
019 ## -
-- 983460942
020 ## - INTERNATIONAL STANDARD BOOK NUMBER
International Standard Book Number 9780399583582 (softcover)
020 ## - INTERNATIONAL STANDARD BOOK NUMBER
International Standard Book Number 0399583580 (softcover)
020 ## - INTERNATIONAL STANDARD BOOK NUMBER
Cancelled/invalid ISBN 9780399583599 (ebook)
020 ## - INTERNATIONAL STANDARD BOOK NUMBER
Terms of availability 16.00
029 1# - (OCLC)
OCLC library identifier CHVBK
System control number 483114812
029 1# - (OCLC)
OCLC library identifier CHBIS
System control number 010814809
029 1# - (OCLC)
OCLC library identifier AU@
System control number 000059471918
035 ## - SYSTEM CONTROL NUMBER
System control number (OCoLC)960031059
Canceled/invalid control number (OCoLC)983460942
040 ## - CATALOGING SOURCE
Original cataloging agency DLC
Language of cataloging eng
Description conventions rda
Transcribing agency DLC
Modifying agency PUL
-- YDX
-- BTCTA
-- BDX
-- OCLCF
-- T2D
-- DPL
-- RB0
-- ABG
-- IUK
-- INR
-- OSU
-- OCLCO
-- WACOL
042 ## - AUTHENTICATION CODE
Authentication code pcc
043 ## - GEOGRAPHIC AREA CODE
Geographic area code n-us-ca
049 ## - LOCAL HOLDINGS (OCLC)
Holding library WACL
050 00 - LIBRARY OF CONGRESS CALL NUMBER
Classification number PS3623.A8936
Item number G37 2017
082 00 - DEWEY DECIMAL CLASSIFICATION NUMBER
Classification number 813/.6
Edition number 23
084 ## - OTHER CLASSIFICATION NUMBER
Classification number FIC044000
-- FIC045000
-- FIC027020
Source of number bisacsh
092 ## - LOCALLY ASSIGNED DEWEY CALL NUMBER (OCLC)
Classification number F
Item number Wax
100 1# - MAIN ENTRY--PERSONAL NAME
Personal name Waxman, Abbi,
Relator term author.
9 (RLIN) 5947041
245 14 - TITLE STATEMENT
Title The garden of small beginnings /
Statement of responsibility, etc Abbi Waxman.
250 ## - EDITION STATEMENT
Edition statement First edition.
264 #1 - Production, Publication, Distribution, Manufacture, and Copyright Notice.
Place of production, publication, distribution, manufacture New York :
Name of producer, publisher, distributor, manufacturer Berkley,
Date of production, publication, distribution, manufacture, or copyr 2017.
300 ## - PHYSICAL DESCRIPTION
Extent 347 pages ;
Dimensions 21 cm
336 ## - Content Type
Content type term text
337 ## - Media type
Media type term unmediated
338 ## - Carrier type
Carrier type term volume
520 ## - SUMMARY, ETC.
Summary, etc "Not since Good Grief has a book about a young widow been so poignant, funny, original, and utterly believable. A compelling debut novel about loss. Give grief a chance. Lilian Girvan has been a single mother for three years--ever since her husband died in a car accident. One mental breakdown and some random suicidal thoughts later, she's just starting to get the hang of this widow thing. She can now get her two girls to school, show up to work, and watch TV like a pro. The only problem is she's becoming overwhelmed with being underwhelmed. At least her textbook illustrating job has some perks--like actually being called upon to draw whale genitalia. Oh, and there's that vegetable-gardening class her boss signed her up for. Apparently being the chosen illustrator for a series of boutique vegetable guides means getting your hands dirty, literally. Wallowing around in compost on a Saturday morning can't be much worse than wallowing around in pajamas and self-pity. After recruiting her kids and insanely supportive sister to join her, Lilian shows up at the Los Angeles Botanical Garden feeling out of her element. But what she'll soon discover--with the help of a patient instructor and a quirky group of gardeners--is that into every life a little sun must shine, whether you want it to or not
520 ## - SUMMARY, ETC.
Summary, etc "Young widow Lilian Girvan can't see the garden for the weeds... It's been three years since her husband was killed in a car accident and Lilian is still getting used to being sane--after that one early breakdown. She's happy just being able to get her two girls to school every morning, keep her illustrating job, and catch up on her favorite TV shows with her sister. She's not exactly in a rut; she's just letting the grass grow under her feet. But then Lilian's boss asks her to illustrate a vegetable encyclopedia and signs her up for a vegetable-gardening class. Lilian reluctantly agrees and recruits her kids and sister to join her for some drama-free Saturday mornings, because what could be more relaxing than gardening? Nothing...except that this class is filled with people who like to dig a little deeper than the surface, and an instructor who makes Lillian want to bloom for the first time in years. With her fellow newbie gardeners, Lilian learns what it takes to nurture plants--and friendships. Digging in the dirt, with worms and all, teaches Lilian that sometimes you have to let nature take its course, be it in gardening, in life, or in love.."--
-- Provided by publisher.
650 #0 - SUBJECT ADDED ENTRY--TOPICAL TERM
Topical term or geographic name as entry element Widows
Form subdivision Fiction.
9 (RLIN) 5947042
650 #0 - SUBJECT ADDED ENTRY--TOPICAL TERM
Topical term or geographic name as entry element Women illustrators
Form subdivision Fiction.
9 (RLIN) 5771777
650 #0 - SUBJECT ADDED ENTRY--TOPICAL TERM
Topical term or geographic name as entry element Single mothers
Form subdivision Fiction.
9 (RLIN) 5673806
650 #0 - SUBJECT ADDED ENTRY--TOPICAL TERM
Topical term or geographic name as entry element Gardeners
Form subdivision Fiction.
9 (RLIN) 5675158
651 #0 - SUBJECT ADDED ENTRY--GEOGRAPHIC NAME
Geographic name Los Angeles (Calif.)
Form subdivision Fiction.
9 (RLIN) 5674855
650 #7 - SUBJECT ADDED ENTRY--TOPICAL TERM
Topical term or geographic name as entry element FICTION / Contemporary Women.
Source of heading or term bisacsh
9 (RLIN) 5676127
650 #7 - SUBJECT ADDED ENTRY--TOPICAL TERM
Topical term or geographic name as entry element FICTION / Family Life.
Source of heading or term bisacsh
9 (RLIN) 5679128
650 #7 - SUBJECT ADDED ENTRY--TOPICAL TERM
Topical term or geographic name as entry element FICTION / Romance / Contemporary.
Source of heading or term bisacsh
9 (RLIN) 5679126
650 #7 - SUBJECT ADDED ENTRY--TOPICAL TERM
Topical term or geographic name as entry element Gardeners.
Source of heading or term fast
-- (OCoLC)fst00937845
9 (RLIN) 5947043
650 #7 - SUBJECT ADDED ENTRY--TOPICAL TERM
Topical term or geographic name as entry element Single mothers.
Source of heading or term fast
-- (OCoLC)fst01119370
9 (RLIN) 5947044
650 #7 - SUBJECT ADDED ENTRY--TOPICAL TERM
Topical term or geographic name as entry element Widows.
Source of heading or term fast
-- (OCoLC)fst01174951
9 (RLIN) 5947045
650 #7 - SUBJECT ADDED ENTRY--TOPICAL TERM
Topical term or geographic name as entry element Women illustrators.
Source of heading or term fast
-- (OCoLC)fst01177763
9 (RLIN) 5947046
651 #7 - SUBJECT ADDED ENTRY--GEOGRAPHIC NAME
Geographic name California
Geographic subdivision Los Angeles.
Source of heading or term fast
-- (OCoLC)fst01204540
9 (RLIN) 5742529
650 #1 - SUBJECT ADDED ENTRY--TOPICAL TERM
Topical term or geographic name as entry element Gardeners
Form subdivision Fiction.
9 (RLIN) 5675158
650 #4 - SUBJECT ADDED ENTRY--TOPICAL TERM
Topical term or geographic name as entry element Love stories.
9 (RLIN) 87149
655 #7 - INDEX TERM--GENRE/FORM
Genre/form data or focus term Domestic fiction.
Source of term lcgft
9 (RLIN) 5947047
655 #7 - INDEX TERM--GENRE/FORM
Genre/form data or focus term Love stories.
Source of term gsafd
9 (RLIN) 5947048
655 #7 - INDEX TERM--GENRE/FORM
Genre/form data or focus term Romance fiction.
Source of term fast
-- (OCoLC)fst01921732
9 (RLIN) 5683255
655 #7 - INDEX TERM--GENRE/FORM
Genre/form data or focus term Domestic fiction.
Source of term fast
-- (OCoLC)fst01726589
9 (RLIN) 5947047
655 #7 - INDEX TERM--GENRE/FORM
Genre/form data or focus term Fiction.
Source of term fast
-- (OCoLC)fst01423787
9 (RLIN) 5673940
655 #7 - INDEX TERM--GENRE/FORM
Genre/form data or focus term Romance fiction.
Source of term lcgft
9 (RLIN) 5683255
776 08 - ADDITIONAL PHYSICAL FORM ENTRY
Display text Online version:
Main entry heading Waxman, Abbi, author.
Title Garden of small beginnings
Edition First edition.
Place, publisher, and date of publication New York : Berkley, 2017
International Standard Book Number 9780399583599
Record control number (DLC) 2016059738
938 ## -
-- YBP Library Services
-- YANK
-- 13201713
938 ## -
-- Baker and Taylor
-- BTCP
-- BK0019657047
938 ## -
-- Brodart
-- BROD
-- 117909831
942 ## - ADDED ENTRY ELEMENTS (KOHA)
Koha item type BOOK
948 ## - LOCAL PROCESSING INFORMATION (OCLC); SERIES PART DESIGNATOR (RLIN)
Series part designator, SPT (RLIN) 07/21/2017
z (OCLC) Sirsi
994 ## -
-- C0
-- WACOL
996 ## -
-- 141513
-- 34301001529785
-- F
-- bk
-- wcl
-- i
-- 5
-- 16.00
-- amazon
-- Wax
-- 07/21/2017
-- 02/11/2020
-- 01/24/2020
Holdings
Withdrawn status Lost status Source of classification or shelving scheme Damaged status Not for loan Collection code Home library Current library Shelving location Date acquired Source of acquisition Cost, normal purchase price Total Checkouts Total Renewals Full call number Barcode Date last seen Date checked out Cost, replacement price Price effective from Koha item type
    Dewey Decimal Classification     Fiction Wasatch County Library Wasatch County Library First Floor 07/21/2017 Amazon 16.00 20 11 F Waxman 34301001529785 01/20/2026 01/06/2026 16.00 03/20/2020 BOOK
This project was made possible through a grant from the Institute of Museum and Library Service administered by the Utah State Library Division.

Wasatch County Library

  • 465 East 1200 South, Heber City, Utah 84032
  • Phone 435-654-1511 | Fax 435-654-6456

Hours

  • Monday - Friday 9:30 AM - 8:00 PM
  • Saturday 9:30 AM - 1:30 PM
  • Closed Sundays and Holidays